01189nam a2200337 i 450000100060000000300080000600500170001400600190003100700150005000800410006502000180010602000270012403500210015104000310017205000250020308000110022808200170023910000280025624501320028426400410041630000410045733600310049833700330052933800430056250400290060558800830063465000240071765000210074165500270076285600620078936753FINmELB20241216221438.0m o u cr cn|||||||||161213s2015 ag ob 000 0 spa d z9789870000000 a9781512932218 (e book) a(OCoLC)984824515 aFINmELBbspaerdacFINmELB 4aBF575.S75bB982 2015 a613.730 a155.90422231 aBustos Villar, Eduardo.10aËs posible evitar el estrés? :bmotivos y estrategias para pasar de lo urgente a lo importante /cEduardo M. Bustos Villar. 1aBuenos Aires :bSB Editorial,c2015. a1 recurso en línea (168 páginas) atextobtxt2rdacontent/spa acomputadorabc2rdamedia/spa arecurso en líneabcr2rdacarrier/spa aContiene bibliografía. aDescripción basada en metadatos suministrados por el editor y otras fuentes. 0aStress (Psychology) 4aEstrés mental. 4aLibros electrónicos.40uhttps://elibro.net/ereader/politecnicointernacional/77099